Japan : Culture, education, and change in two communities
Gespeichert in:
| 1. Verfasser: | |
|---|---|
| Format: | Buch |
| Sprache: | Undetermined |
| Veröffentlicht: |
New York
Holt, Rinehart and Winston
1968
|
| Schlagworte: | |
| Tags: |
Tag hinzufügen
Keine Tags, Fügen Sie den ersten Tag hinzu!
|
| Thư viện lưu trữ: | Trung tâm Học liệu Trường Đại học Cần Thơ |
|---|
| LEADER | 00612nam a2200217Ia 4500 | ||
|---|---|---|---|
| 001 | CTU_115271 | ||
| 008 | 210402s9999 xx 000 0 und d | ||
| 082 | |a 301.440952 | ||
| 082 | |b B815 | ||
| 100 | |a Brameld, Theodore | ||
| 245 | 0 | |a Japan : | |
| 245 | 0 | |b Culture, education, and change in two communities | |
| 245 | 0 | |c Theodore Brameld | |
| 260 | |a New York | ||
| 260 | |b Holt, Rinehart and Winston | ||
| 260 | |c 1968 | ||
| 650 | |a Buraka people,Minorities | ||
| 650 | |x Case studies,Case studies | ||
| 650 | |z Japan,Japan | ||
| 904 | |i Giang | ||
| 980 | |a Trung tâm Học liệu Trường Đại học Cần Thơ | ||